000 00295nam a22001337a 4500
003 SGT
020 _a9-78384-909215
082 _a581.2
_bF18A
100 _aALICE, D.
245 _aFUNDAMENTALS OF PHYTOPATHOLOGY
260 _aCOMBATORE
_bSRISAKHI
_c2018
300 _a382
942 _2ddc
_cBK
_07
999 _c17017
_d17017